|
|
|
|
| LEADER |
01589nam a22003255a 4500 |
| 001 |
37410 |
| 003 |
BD-DhAAL |
| 005 |
20220116131351.0 |
| 008 |
2401 s2020 ii abf b 001 0 eng d |
| 999 |
|
|
|c 43183
|d 43183
|
| 010 |
|
|
|a 2020325190
|
| 020 |
|
|
|a 9788194365723
|
| 020 |
|
|
|a 8194365724
|
| 040 |
|
|
|a DKAGE
|b eng
|e rda
|c DKAGE
|d OCLCO
|d DLC
|d BD-DhAAL
|
| 043 |
|
|
|a a-ii---
|
| 050 |
|
4 |
|a DS485.B48
|b C43 2020
|
| 082 |
0 |
4 |
|a 954.0294
|2 23
|
| 100 |
1 |
|
|a Chakravarti, Sudeep,
|e author.
|9 40795
|
| 245 |
1 |
0 |
|a Plassey :
|b the battle that changed the course of Indian history /
|c Sudeep Chakravarti.
|
| 260 |
|
|
|a New Delhi :
|b Aleph,
|c c2020.
|
| 300 |
|
|
|a xxxii, 392 pages, 16 unnumbered pages of plates :
|b illustrations (colour), maps (black and white, and colour) ;
|c 23 cm.
|
| 504 |
|
|
|a Includes bibliographical references (pages 377-383 ) and index.
|
| 526 |
|
|
|a RC
|
| 541 |
|
|
|a Hye Trade International
|e 37410, 37411
|
| 650 |
|
0 |
|a Plassey, Battle of, Palāshi, India, 1757.
|9 40796
|
| 651 |
|
0 |
|a Bengal (India)
|x History
|y 18th century.
|9 40797
|
| 852 |
|
|
|a Ayesha Abed Library
|c General stacks
|
| 942 |
|
|
|2 ddc
|c BK
|
| 952 |
|
|
|0 0
|1 0
|2 ddc
|4 0
|6 954_029400000000000_CHA
|7 0
|9 69195
|a SCL
|b SCL
|c GEN
|d 2020-12-09
|e Hye Trade International
|g 988.00
|l 3
|m 1
|o 954.0294 CHA
|p 3020037410
|r 2025-11-11
|s 2024-02-02
|t 1
|v 988.00
|w 2020-12-09
|y BK
|x Received during COVID-19 pandemic
|
| 952 |
|
|
|0 0
|1 0
|2 ddc
|4 0
|6 954_029400000000000_CHA
|7 0
|9 69196
|a SCL
|b SCL
|c GEN
|d 2020-12-09
|e Hye Trade International
|g 988.00
|l 6
|m 8
|o 954.0294 CHA
|p 3020037411
|r 2025-11-17
|s 2025-11-10
|t 2
|v 988.00
|w 2020-12-09
|y BK
|x Received during COVID-19 pandemic
|